Die größten Städte mit G - Statistiken

Allgemein
  • Dieses Quiz wurde 221 mal gespielt
  • Das Durchschnittsergebnis liegt bei 5 aus 16
Antwortstatistiken
Einwohner Antwort Land % Korrekt
1.680.000 Glasgow Vereinigtes Königreich (Schottland)
95%
3.300.000 Guatemala Guatemala
91%
37.000.000 Guangzhou(ohne Shenzhen) China
85%
5.800.000 Guadalajara Mexiko
69%
2.100.000 Gaza Palästina
62%
3.250.000 Guayaquil Ecuador
36%
1.700.000 Gaziantep Türkei
27%
2.000.000 George Town Malaysia
16%
2.500.000 Goiânia Brasilien
16%
4.800.000 Guiyang China
12%
1.600.000 Gwangju Südkorea
10%
1.400.000 Gwalior Indien
7%
1.800.000 Ganzhou China
6%
1.630.000 Guilin China
5%
3.000.000 Gujranwala Pakistan
5%
1.200.000 Guwahati Indien
4%
Keine übereinstimmenden Quizze gefunden
Verteilung der Resultate
Anzahl Personen mit jedem Resultat
Perzentil nach korrekt beantworteten Fragen
Ihre Resultats-Entwicklung
Sie haben dieses Quiz noch nicht gespielt